Escrituras Surrealistas /

محفوظ في:
التفاصيل البيبلوغرافية
المؤلف الرئيسي: Martins, Floriano
التنسيق: غير معروف
اللغة:Portuguese
منشور في: Brasil : Fundacao Memorial de América Latina, 1998.
الموضوعات:
الوسوم: إضافة وسم
لا توجد وسوم, كن أول من يضع وسما على هذه التسجيلة!

MARC

LEADER 000000000a22000000004500
001 011091
041 0 |a por 
082 0 4 |a 808.093   |b M379e 
100 1 |a Martins, Floriano 
245 1 0 |a Escrituras Surrealistas /   |c Floriano Martins. 
260 1 |a Brasil :   |b Fundacao Memorial de América Latina,   |c 1998. 
300 |a 35 páginas 
650 4 |a SURREALISMO 
650 4 |a LITERATURA 
650 4 |a CRITICA 
999 |c 16404  |d 16404 
942 |c BK  |h 808.093 M379e  |2 z